Statistiken für Ballon d‘Or 2023 Ranking

Klicken Sie hier um das Quiz zu spielen!

Allgemein

  • Dieses Quiz wurde 128 mal gespielt
  • Das Durchschnittsergebnis liegt bei 24 aus 30

Antwortstatistiken

RangNationalitätVereinePunkteAntwort% Korrekt
2NorwegenManchester City357Erling Haaland
100%
3FrankreichParis Saint-Germain270Kylian Mbappe
100%
1ArgentinienParis Saint-Germain462Lionel Messi
100%
4BelgienManchester City100Kevin de Bruyne
98%
11ÄgyptenLiverpool13Mohamed Salah
95%
10KroatienReal Madrid19Luka Modric
94%
12PolenBarcelona12Robert Lewandowski
94%
14DeutschlandManchester City8Ilkay Gündogan
93%
18EnglandBorussia Dortmund5Jude Bellingham
93%
6BrasilienReal Madrid49Vinicius Junior
93%
19EnglandTottenham Hotspur4Harry Kane
90%
5SpanienManchester City57Rodri
89%
20ArgentinienInter Mailand4Lautaro Martinez
88%
22SüdkoreaNeapel3Min-jae Kim
88%
8NigeriaNeapel24Victor Osimhen
88%
15ArgentinienAston Villa7Emiliano Martinez
87%
9PortugalManchester City20Bernardo Silva
85%
28FrankreichEintracht Frankfurt0Randal Kolo Muani
85%
21FrankreichAtletico Madrid4Antoine Griezmann
82%
7ArgentinienManchester City28Julian Alvarez
81%
16FrankreichReal Madrid6Karim Benzema
79%
28NorwegenArsenal0Martin Odegaard
77%
24EnglandArsenal1Bukayo Saka
73%
26DeutschlandBayern München0Jamal Musiala
73%
25KroatienRB Leipzig1Josko Gvardiol
72%
30PortugalManchester City0Ruben Dias
69%
23KamerunInter Mailand2Andre Onana
54%
27ItalienInter Mailand0Nicolo Barella
52%
13MarokkoSevilla10Bono
51%
17GeorgienNeapel6Chwitscha Kvaratskhelia
11%

Verteilung der Resultate

Perzentil nach korrekt beantworteten Fragen

Anzahl Personen mit jedem Resultat

Ihre Resultats-Entwicklung

Sie haben dieses Quiz noch nicht gespielt